=LDR 00000nam 2200000 4500 =001 NUTBA000000000000193 =005 20140318125804.0 =006 =007 =008 =020 ##$$a 978-602-200-314-4 =035 ##$$a 0010-031400000000192 =082 ##$$a 001.9 =090 ##$$a 001.9 Otw s =100 ##$$a Otway, Helen =245 ##$$a 1001 Fakta yang Menjijikan =260 ##$$a Tangerang $b Karisma =300 ##$$a 208 hlm $b ilus $c 27 cm =850 ##$$a NBPNMAT =990 ##$$a 90394/BPAP-NTB/2014